The Beginnings of Strategic Air Power : (Record no. 618367)

MARC details
000 -LEADER
fixed length control field 00510nam a2200193 a 4500
008 - FIXED-LENGTH DATA ELEMENTS--GENERAL INFORMATION
fixed length control field 260330s1987##################000#0#eng##
020 ## - INTERNATIONAL STANDARD BOOK NUMBER
ISBN 9780714633077
082 04 - DEWEY DECIMAL CLASSIFICATION NUMBER
Classification number 358.400941
Item number JON
100 1# - MAIN ENTRY--AUTHOR NAME
Personal name Jones, Neville,
245 10 - TITLE STATEMENT
Title The Beginnings of Strategic Air Power :
260 ## - PUBLICATION, DISTRIBUTION, ETC. (IMPRINT)
Name of publisher Psychology Press,
Year of publication 1987.
300 ## - PHYSICAL DESCRIPTION
Number of Pages 238 pages
650 #0 - SUBJECT ADDED ENTRY--TOPICAL TERM
Topical Term History.
942 ## - ADDED ENTRY ELEMENTS (KOHA)
Koha item type English Books
Holdings
Withdrawn status Lost status Damaged status Not for loan Home library Current library Shelving location Date acquired Full call number Accession Number Price effective from Koha item type
        Anna Centenary Library Anna Centenary Library 4TH FLOOR, A WING 30.03.2026 358.400941 JON 178069 30.03.2026 English Books

Find us on the map